000 01453nam a22003731a 4500
999 _c822
_d822
001 017136578
003 UkOxU
005 20191220111316.0
008 090827r20102008enka j 000 f eng|d
015 _aGBA992090
_2bnb
016 7 _a015375663
_2Uk
020 _a9780007267002 (pbk.) :
020 _a0007267002 (pbk.) :
035 _a(Uk)015375663
040 _aStDuBDS
_beng
_cStDuBDS
_dUk
042 _aukblsr
082 _aFIC MOR
100 1 _aMorpurgo, Michael.
_eauthor
245 1 0 _aKaspar /
_cMichael Morpurgo ; illustrated by Michael Foreman.
260 _aLondon :
_bHarperCollins Children's,
_c2010.
300 _a1 v. :
_bcol. ill. ;
_c20 cm.
336 _atext
_2rdacontent
337 _aunmediated
_2rdamedia
338 _avolume
_2rdacarrier
500 _aOriginally published: as Kaspar, prince of cats. 2008.
500 _aFormerly CIP.
_5Uk
520 _aJohnny didn't expect to end up with Kaspar, the Savoy cat, on his hands forever, and nor did he count on making friends with Lizziebeth, a spirited American heiress. Pretty soon, events are set in motion that will take Johnny - and Kaspar - all around the world, surviving theft, shipwreck and rooftop rescues along the way.
650 0 _aBellhops
_zEngland
_zLondon
_vJuvenile fiction.
650 0 _aCats
_vJuvenile fiction.
655 0 _aAdventure stories.
655 0 _aChildren's stories.
700 1 _aForeman, Michael,
_d1938-
_eIllustrator
942 _2ddc
_cFIC